000 00411nam a2200157Ia 4500
003 GCL
008 140319s9999 xx 000 0 ara d
040 _aGCL /
_cGCL
082 0 4 _a812
_bع م
100 1 _aعبدالعاطى جلال
245 1 0 _aماساة اورشليم /
_cعبدالعاطى جلال
300 _a126 ص
490 _a
650 0 4 _aالمسرحيات العربية
942 _2ddc
_cBK
999 _c40111
_d40111